Lord of the Rings characters - Statistics

General Stats
  • This quiz has been taken 39 times
  • The average score is 26 of 38
Answer Stats
Answer % Correct
Aragorn
100%
Boromir
100%
Faramir
100%
Legolas
100%
Saruman
97%
Sauron
97%
Gandalf
94%
Elrond
90%
Frodo Baggins
90%
Galadriel
90%
Meriadoc Brandybuck
90%
Peregrin Took
90%
Samwise Gamgee
90%
Théoden
90%
Éowyn
87%
Arwen
84%
Denethor II
84%
Éomer
84%
Gimli
81%
Gollum / Sméagol
74%
Grima Wormtongue
74%
Bilbo Baggins
68%
Celeborn
61%
Treebeard
58%
Witch-King of Angmar
58%
Balrog of Morgoth
55%
Haldir
52%
Shelob
52%
Isildur
39%
Lurtz
39%
Shadowfax
39%
Gothmog
29%
Barliman Butterbur
26%
Rosie Cotton
26%
Shagrat
26%
Gorbag
19%
Bill the Pony
16%
Grishnákh
16%
No matching quizzes found
Score Distribution
Percent of People with Each Score
Percentile by Number Answered
Your Score History
You have not taken this quiz